000 00373 a2200121 4500
001 ART_13002
005 20260410161735.0
008 260409a
245 1 0 _aGeneralización del IVA y otros temas impositivos
100 1 _aSan Martín, Jorge A.
700 1 _aCravino, Daniel
773 0 _tEjecutivos de finanzas
_g- Año 8, Nº 72 (dic. 1990)
_wREV2863
999 _c18190
_d18190